[Event "The Bobby Fischer Memorial KO Tournament"]
[Site "SchemingMind.com"]
[Date "2008.01.24"]
[Round "-"]
[White "Ilang"]
[Black "Orange Lion"]
[Result "1/2-1/2"]
[WhiteCountry "HUN"]
[BlackCountry "NED"]
[WhiteElo "2293"]
[WhiteRD "82"]
[BlackElo "2231"]
[BlackRD "81"]
[GameID "138018"]

1. e4 e6 2. d4 d5 3. exd5 exd5 4. Nf3 Nf6 5. Bd3 Be7 6. h3 O-O 7. Be3 c5 8. dxc5 Nbd7 9. O-O Nxc5 10. Nc3 Be6
11. Re1 Nfe4 12. Nd4 Nxc3 13. bxc3 Rc8 14. Nxe6 fxe6 15. Bd4 Bf6 16. Qg4 Qc7 17. Bxc5 Qxc5 18. Qxe6+ Kh8 19. Rab1=
1/2-1/2

[Event "The Bobby Fischer Memorial KO Tournament"]
[Site "SchemingMind.com"]
[Date "2008.01.19"]
[Round "-"]
[White "Robert Pallett"]
[Black "mmccaffe"]
[Result "1-0"]
[WhiteCountry "ENG"]
[BlackCountry "USA"]
[WhiteElo "2362"]
[WhiteRD "79"]
[BlackElo "1567"]
[BlackRD "55"]
[GameID "138019"]

1. e4 e5 2. Nf3 Nc6 3. Bb5 Nf6 4. O-O Nxe4 5. d4 Nd6 6. Bxc6 dxc6 7. dxe5 Nf5 8. Nc3 Be6 9. Qe2 Be7 10. Rd1 Qc8
11. Bg5 Bxg5 12. Nxg5 O-O 13. f4 Rd8 14. g4 Rxd1+ 15. Rxd1 Ne7 16. Qd3 Nd5 17. Qxh7+ Kf8 18. f5 Bd7 19. f6
1-0

[Event "The Bobby Fischer Memorial KO Tournament"]
[Site "SchemingMind.com"]
[Date "2008.01.24"]
[Round "-"]
[White "Orange Lion"]
[Black "Ilang"]
[Result "1/2-1/2"]
[WhiteCountry "NED"]
[BlackCountry "HUN"]
[WhiteElo "2231"]
[WhiteRD "81"]
[BlackElo "2293"]
[BlackRD "82"]
[GameID "138026"]

1. e4 e5 2. Nf3 Nc6 3. Bb5 a6 4. Ba4 Nf6 5. O-O Be7 6. Re1 b5 7. Bb3 d6 8. c3 O-O 9. h3 Na5 10. Bc2 c5
11. d4 Qc7 12. Nbd2 Nc6 13. dxc5 dxc5 14. Nf1 Be6 15. Ne3 Rfd8 16. Qe2 h6=
1/2-1/2

[Event "The Bobby Fischer Memorial KO Tournament"]
[Site "SchemingMind.com"]
[Date "2008.01.19"]
[Round "-"]
[White "mmccaffe"]
[Black "Robert Pallett"]
[Result "0-1"]
[WhiteCountry "USA"]
[BlackCountry "ENG"]
[WhiteElo "1560"]
[WhiteRD "54"]
[BlackElo "2374"]
[BlackRD "79"]
[GameID "138027"]

1. e4 c5 2. Nf3 Nc6 3. Bb5 e6 4. Bxc6 bxc6 5. O-O d5 6. d3 Nf6 7. Bg5 h6 8. Bh4 Be7 9. Nbd2 O-O 10. Qe2 a5
11. c4 Ba6 12. e5 Nd7 13. Bxe7 Qxe7 14. g4 Rfb8 15. b3 Nf8 16. h4 Ng6 17. g5 h5 18. Qe3 Bc8 19. cxd5 exd5 20. d4 Qe6
21. Rfe1 cxd4 22. Qxd4 c5 23. Qxc5 Nf4 24. Qd6 Qg4+
0-1

[Event "The Bobby Fischer Memorial KO Tournament"]
[Site "SchemingMind.com"]
[Date "2008.01.21"]
[Round "-"]
[White "Aumonde"]
[Black "Schaakmaatje"]
[Result "1-0"]
[WhiteCountry "USA"]
[BlackCountry "NED"]
[WhiteElo "2201"]
[WhiteRD "62"]
[BlackElo "1746"]
[BlackRD "45"]
[GameID "138279"]

1. Nc3 e5 2. Nf3 Nc6 3. d4 exd4 4. Nxd4 Bc5 5. Nxc6 Qf6 6. Ne4 Qxc6 7. Nxc5 Qxc5 8. Be3 Qe7 9. Qd4 Qf6 10. O-O-O d6
11. Qa4+ Bd7 12. Qe4+ Ne7 13. Qxb7 O-O 14. Qxc7 Rab8 15. Bd4 Qe6 16. Bc3 Nd5 17. Rxd5 Qxd5 18. Qxd7 Qxa2 19. e4 Rfd8 20. Qg4 g6
21. Qf3 a5 22. Qf6
1-0

[Event "The Bobby Fischer Memorial KO Tournament"]
[Site "SchemingMind.com"]
[Date "2008.01.21"]
[Round "-"]
[White "Schaakmaatje"]
[Black "Aumonde"]
[Result "0-1"]
[WhiteCountry "NED"]
[BlackCountry "USA"]
[WhiteElo "1746"]
[WhiteRD "45"]
[BlackElo "2201"]
[BlackRD "62"]
[GameID "138291"]

1. e4 f6 2. Bc4 e6 3. d4 Nc6 4. Be3 Nge7 5. d5 Ne5 6. Bb3 exd5 7. exd5 Nf5 8. Qe2 a5 9. a4 b6 10. Nf3 Ba6
11. c4 Nxe3 12. Qxe3 Bc5 13. Qe4 O-O 14. O-O Re8 15. Qh4 Nxf3+ 16. gxf3 Re2 17. Ra2 f5 18. Qxd8+ Rxd8 19. Nc3 Rd2 20. Nb5 c6
21. Nc7 Bb7
0-1

[Event "The Bobby Fischer Memorial KO Tournament"]
[Site "SchemingMind.com"]
[Date "2008.01.22"]
[Round "-"]
[White "reptile"]
[Black "C. H. O'D. Schlechter"]
[Result "0-1"]
[WhiteCountry "ISR"]
[BlackCountry "USA"]
[WhiteElo "1805"]
[WhiteRD "96"]
[BlackElo "2418"]
[BlackRD "77"]
[GameID "138431"]

1. d4 Nf6 2. c4 g6 3. Nc3 Bg7 4. e4 d6 5. Nf3 O-O 6. Be2 e5 7. O-O Nc6 8. d5 Ne7 9. b4 Nh5 10. Re1 f5
11. Ng5 Nf6 12. f3 Kh8 13. Rb1 h6 14. Ne6 Bxe6 15. dxe6 fxe4 16. fxe4 Nc6 17. Nd5 Ng8 18. Bd3 Nd4 19. Qg4 g5 20. h4 Nf6
21. Qg3 Nxe6 22. hxg5 Nxd5 23. gxh6 Bf6 24. exd5 Bh4 25. Qg4 Bxe1 26. dxe6 Bf2+ 27. Kh2 Rg8 28. Qe4 Qe7 29. Rb3 Bg3+ 30. Kg1 Raf8
31. Be3 Bf4 32. Bb1 Rg4 33. Qc2 Bh2+
0-1

[Event "The Bobby Fischer Memorial KO Tournament"]
[Site "SchemingMind.com"]
[Date "2008.01.22"]
[Round "-"]
[White "time_pressure"]
[Black "Erhaem"]
[Result "1-0"]
[WhiteCountry "USA"]
[BlackCountry "NED"]
[WhiteElo "2281"]
[WhiteRD "75"]
[BlackElo "2055"]
[BlackRD "74"]
[GameID "138432"]

1. e4 Nc6 2. d4 e6 3. Nf3 Nf6 4. e5 Nd5 5. Be2 d6 6. O-O Be7 7. c4 Nb6 8. Nc3 O-O 9. Be3 Bd7 10. exd6 cxd6
11. Re1 Na5 12. b3 Rc8 13. Bd3 Kh8 14. Rc1 Nc6 15. d5 Nb4 16. Bb1 Re8 17. a3 Na6 18. dxe6 Bxe6 19. Qd3 g6 20. Nb5 Nc5
21. Qc3+ Kg8 22. Nxa7 Bf6 23. Bd4 Bxd4 24. Nxd4 Rc7 25. Nab5 Rce7 26. Rf1 Nc8 27. Qg3 Kh8 28. b4 Na6 29. Ba2 Nc7 30. Nc3 Nb6
31. Nxe6 Nxe6 32. Rcd1 Ng7 33. Rxd6 Nd7 34. Qh3 Nf5 35. Rdd1 Qc8 36. Nd5 Re5 37. c5 Ng7 38. Nc7 R8e7 39. Nb5 Qc6 40. Nd6 Rh5
41. Qb3 Qc7 42. g4 Rh4 43. h3 Nf8 44. Nxf7+
1-0

[Event "The Bobby Fischer Memorial KO Tournament"]
[Site "SchemingMind.com"]
[Date "2008.01.23"]
[Round "-"]
[White "29A"]
[Black "MotoXRider31"]
[Result "1-0"]
[WhiteCountry "CAN"]
[BlackCountry "USA"]
[WhiteElo "1866"]
[WhiteRD "71"]
[BlackElo "1874"]
[BlackRD "68"]
[GameID "138433"]

1. e4 c5 2. Nc3 e6 3. g3 d5 4. exd5 exd5 5. Bg2 Nf6 6. Nge2 d4 7. Ne4 Be7 8. O-O O-O 9. d3 Re8 10. Bd2 Qb6
11. Qc1 Bd7 12. c4 Nxe4 13. Bxe4 Bd6 14. Nf4 Nc6 15. Nd5 Qa6 16. Bf4 Ne5 17. Qd2
1-0

[Event "The Bobby Fischer Memorial KO Tournament"]
[Site "SchemingMind.com"]
[Date "2008.01.22"]
[Round "-"]
[White "dtedesco"]
[Black "SLAINTIE MHATH"]
[Result "0-1"]
[WhiteCountry "CAN"]
[BlackCountry "POL"]
[WhiteElo "1599"]
[WhiteRD "116"]
[BlackElo "1625"]
[BlackRD "54"]
[GameID "138434"]

1. d4 f5 2. e3 d5 3. Bd3 Nf6 4. f3 e6 5. Ne2 b6 6. Nbc3 Bb4 7. O-O Bd6 8. f4 Rg8 9. Ng3 g6 10. a3 h5
11. Nb5 a6 12. Nxd6+ cxd6 13. Bd2 Ne4 14. Ne2 Nd7 15. Bxe4 dxe4 16. Bb4 Nf6 17. Be1 Ng4 18. Qd2 a5 19. Qd3 exd3
0-1

[Event "The Bobby Fischer Memorial KO Tournament"]
[Site "SchemingMind.com"]
[Date "2008.01.27"]
[Round "-"]
[White "C. H. O'D. Schlechter"]
[Black "reptile"]
[Result "1-0"]
[WhiteCountry "USA"]
[BlackCountry "ISR"]
[WhiteElo "2426"]
[WhiteRD "72"]
[BlackElo "1853"]
[BlackRD "91"]
[GameID "138441"]

1. e4 e5 2. Nf3 Nc6 3. Bb5 a6 4. Bxc6 dxc6 5. O-O Qd6 6. Na3 Be6 7. Qe2 Ne7 8. Nc4 Bxc4 9. Qxc4 Ng6 10. d3 Be7
11. Be3 O-O 12. d4 exd4 13. Nxd4 Qb4 14. Qxb4 Bxb4 15. c3 Be7 16. Nf5 Rfe8 17. Nxe7+ Rxe7 18. f3 Rd7 19. Rad1 Rad8 20. Rxd7 Rxd7
21. Kf2 Kf8 22. f4 Ke8 23. Ke2 Nf8 24. e5 g6 25. b4 b6 26. a3 Ke7 27. g4 Ke6 28. h3 Kd5 29. f5 Kc4 30. Bh6 Rd8
31. e6 fxe6 32. Bxf8 Rxf8 33. fxg6 Rh8 34. g7 Rg8 35. Rf7 Kd5 36. h4 e5 37. h5 Ke6 38. Rxc7 Kd6 39. Rb7 b5 40. g5 Ke6
41. h6 Kf5 42. Rf7+
1-0

[Event "The Bobby Fischer Memorial KO Tournament"]
[Site "SchemingMind.com"]
[Date "2008.01.23"]
[Round "-"]
[White "Erhaem"]
[Black "time_pressure"]
[Result "0-1"]
[WhiteCountry "NED"]
[BlackCountry "USA"]
[WhiteElo "2055"]
[WhiteRD "74"]
[BlackElo "2281"]
[BlackRD "75"]
[GameID "138442"]

1. d4 Nf6 2. Nf3 g6 3. Bg5 Bg7 4. e3 O-O 5. Be2 Nc6 6. O-O d6 7. Nc3 h6 8. Bxf6 Bxf6 9. d5 Ne5 10. Nd4 c5
11. Nb3 Bg7 12. Qd2 Qb6 13. f4 Ng4 14. Rf3 Nf6 15. Rg3 Bd7 16. Bc4 Qb4 17. Be2 a5 18. Qc1 c4 19. a3 Qb6 20. Nd4 Qc5
21. Bf3 h5 22. h4 Qb6 23. Rb1 Ng4 24. Bxg4 hxg4 25. Qd1 Qc5 26. b3 cxb3 27. Rxb3 a4 28. Rxb7 Rfd8 29. Qd2 Rab8 30. Rxd7 Rxd7
31. Nxa4 Qxd5 32. Rxg4 Rc7 33. Nc3 Qa5 34. Ne4 Qh5 35. Rg3 Rb1+ 36. Kh2 Bxd4 37. Qxd4 Rxc2 38. f5 Qxf5 39. Qa4 Rcc1
0-1

[Event "The Bobby Fischer Memorial KO Tournament"]
[Site "SchemingMind.com"]
[Date "2008.01.23"]
[Round "-"]
[White "MotoXRider31"]
[Black "29A"]
[Result "0-1"]
[WhiteCountry "USA"]
[BlackCountry "CAN"]
[WhiteElo "1874"]
[WhiteRD "68"]
[BlackElo "1866"]
[BlackRD "71"]
[GameID "138443"]

1. e4 c5 2. Nf3 d6 3. Nc3 e6 4. d4 cxd4 5. Nxd4 Nf6 6. Bb5+ Bd7 7. O-O a6 8. Bd3 Be7 9. Be3 O-O 10. Nb3 Nc6
11. f4 e5 12. Nd5 b5 13. c3 Rb8 14. f5 Nxd5 15. exd5 Na5 16. Nxa5 Qxa5
0-1

[Event "The Bobby Fischer Memorial KO Tournament"]
[Site "SchemingMind.com"]
[Date "2008.01.22"]
[Round "-"]
[White "SLAINTIE MHATH"]
[Black "dtedesco"]
[Result "1-0"]
[WhiteCountry "POL"]
[BlackCountry "CAN"]
[WhiteElo "1653"]
[WhiteRD "49"]
[BlackElo "1336"]
[BlackRD "55"]
[GameID "138444"]

1. e4 e5 2. Nf3 Nc6 3. Bc4 Nf6 4. d3 h6 5. Nh4 d6 6. h3 d5 7. exd5 Nxd5 8. Nc3 Be6 9. g3 Be7 10. Nf3 Bc5
11. a3 a6 12. O-O Nce7 13. g4 Nf4 14. Bxf4 Ng6 15. Bxe5 Nh4 16. Bxe6 fxe6 17. Bxg7 Qe7 18. Bxh8 O-O-O 19. Be5 Ng6 20. Re1 Nh4
21. Ne4 Nxf3+ 22. Kg2 Rf8 23. d4 h5 24. dxc5 Nh4+ 25. Kh1 Nf3 26. Bg3 hxg4 27. h4 Rh8 28. Kg2 Rd8 29. Qe2 Rd2 30. Nxd2
1-0

[Event "The Bobby Fischer Memorial KO Tournament"]
[Site "SchemingMind.com"]
[Date "2008.01.23"]
[Round "-"]
[White "bartleby en passant"]
[Black "Konan_Kaddosh"]
[Result "0-1"]
[WhiteCountry "IRL"]
[BlackCountry "ITA"]
[WhiteElo "1698"]
[WhiteRD "80"]
[BlackElo "2496"]
[BlackRD "63"]
[GameID "138603"]

1. e4 c5 2. f4 Nc6 3. Nc3 e6 4. Nf3 d5 5. Bb5 Ne7 6. exd5 Nxd5 7. Bxc6+ bxc6 8. d3 Bd6 9. Ne5 Bxe5 10. fxe5 Qh4+
11. g3 Qd4 12. Ne4 O-O 13. c4 Nb4 14. Ke2 Ba6 15. Qb3 Nxd3 16. Nd6 Qxe5+ 17. Kd2 Rfd8 18. Nxf7 Nb4+
0-1

[Event "The Bobby Fischer Memorial KO Tournament"]
[Site "SchemingMind.com"]
[Date "2008.01.26"]
[Round "-"]
[White "Chess_Man01"]
[Black "BogusAurelius"]
[Result "1/2-1/2"]
[WhiteCountry "GBR"]
[BlackCountry "USA"]
[WhiteElo "2263"]
[WhiteRD "56"]
[BlackElo "2156"]
[BlackRD "77"]
[GameID "138604"]

1. e4 c5 2. Nf3 d6 3. d4 cxd4 4. Nxd4 Nf6 5. Nc3 a6 6. Be3 e5 7. Nb3 Be6 8. Be2 Be7 9. O-O Nbd7 10. f4 Qc7
11. f5 Bc4 12. Bxc4 Qxc4 13. Qf3 b5 14. Nd2 Qb4 15. Rab1 Qa5 16. Nb3 Qc7 17. a3 Rb8 18. Rbd1 b4 19. axb4 Rxb4 20. Ra1 Qb7
21. Na5 Qa8 22. Qd1 Qc8 23. Nb3 Nxe4 24. Nd5 Rc4 25. c3 Nef6 26. Nxe7=
1/2-1/2

[Event "The Bobby Fischer Memorial KO Tournament"]
[Site "SchemingMind.com"]
[Date "2008.01.23"]
[Round "-"]
[White "Konan_Kaddosh"]
[Black "bartleby en passant"]
[Result "1-0"]
[WhiteCountry "ITA"]
[BlackCountry "IRL"]
[WhiteElo "2496"]
[WhiteRD "65"]
[BlackElo "1666"]
[BlackRD "81"]
[GameID "138612"]

1. e4 e5 2. Nf3 Nf6 3. Nxe5 d6 4. Nf3 Nxe4 5. Nc3 Nf6 6. d4 Bg4 7. h3 Bxf3 8. Qxf3 c6 9. Bd3 Qe7+ 10. Be3 g6
11. O-O Bg7 12. Bg5 O-O 13. Ne4 Nbd7 14. Rae1 Qd8 15. Nxd6 Qc7 16. Nc4 Rae8 17. Bf4 Qd8 18. c3 Nd5 19. Bh2 Rxe1 20. Rxe1 Re8
21. Rxe8+ Qxe8 22. Nd6 Qe1+ 23. Bf1 Qe7 24. Nxb7 N7f6 25. Na5 Ne4 26. Nxc6 Qe6 27. c4 Nd2 28. Qxd5 Qe1 29. Qd8+ Bf8 30. Bd6
1-0

[Event "The Bobby Fischer Memorial KO Tournament"]
[Site "SchemingMind.com"]
[Date "2008.01.26"]
[Round "-"]
[White "BogusAurelius"]
[Black "Chess_Man01"]
[Result "1/2-1/2"]
[WhiteCountry "USA"]
[BlackCountry "GBR"]
[WhiteElo "2156"]
[WhiteRD "77"]
[BlackElo "2263"]
[BlackRD "56"]
[GameID "138613"]

1. e4 c5 2. Nf3 d6 3. Bb5+ Bd7 4. Bxd7+ Nxd7 5. O-O Ngf6 6. Qe2 e6 7. b3 Be7 8. Bb2 O-O 9. d4 cxd4 10. Nxd4 Rc8
11. c4 a6 12. Nc3 Rc5 13. Rad1 Rh5 14. f4 Qc7 15. f5 d5 16. g3 Bc5 17. Kg2 Bxd4 18. Rxd4 Re8 19. fxe6 fxe6 20. Rc1 dxc4
21. Rxc4 Qa5 22. b4 Qg5 23. Nd1 Qh6=
1/2-1/2

[Event "The Bobby Fischer Memorial KO Tournament"]
[Site "SchemingMind.com"]
[Date "2008.01.29"]
[Round "-"]
[White "aston294"]
[Black "mohamad_souza"]
[Result "0-1"]
[WhiteCountry "ENG"]
[BlackCountry "IRQ"]
[WhiteElo "1075"]
[WhiteRD "93"]
[BlackElo "1849"]
[BlackRD "102"]
[GameID "138749"]

1. e4 e6 2. Nc3 g6 3. Nf3 Bg7 4. Bb5 a6 5. Bc4 b5 6. Nxb5 axb5 7. Bxb5 Ba6 8. Bd3 Nf6 9. Ng5 O-O 10. O-O Nc6
11. c4 Ne5 12. Nf3 Nxd3 13. Qe2 Nf4 14. Qe3 Bh6 15. g3 Nh3+ 16. Kg2 Bxe3 17. fxe3 Bxc4 18. Re1 Nxe4 19. Kxh3 Bd5 20. Nd4 Nf2#
0-1

[Event "The Bobby Fischer Memorial KO Tournament"]
[Site "SchemingMind.com"]
[Date "2008.01.24"]
[Round "-"]
[White "Zonk"]
[Black "GrischukFan"]
[Result "0-1"]
[WhiteCountry "GER"]
[BlackCountry "GER"]
[WhiteElo "1532"]
[WhiteRD "125"]
[BlackElo "2359"]
[BlackRD "89"]
[GameID "138750"]

1. Nf3 Nf6 2. b3 c5 3. Bb2 e6 4. e3 d5 5. d4 Nc6 6. Bd3 Be7 7. O-O O-O 8. Nbd2 b6 9. a3 Bb7 10. Qe2 a5
11. Ne5 Nd7 12. f4 f5 13. g4 Ndxe5 14. dxe5 Qe8 15. h3 d4 16. e4 Qg6 17. Kh2 fxg4 18. Qxg4 Qxg4 19. hxg4 g5
0-1

[Event "The Bobby Fischer Memorial KO Tournament"]
[Site "SchemingMind.com"]
[Date "2008.01.29"]
[Round "-"]
[White "mohamad_souza"]
[Black "aston294"]
[Result "1-0"]
[WhiteCountry "IRQ"]
[BlackCountry "ENG"]
[WhiteElo "1849"]
[WhiteRD "102"]
[BlackElo "1075"]
[BlackRD "93"]
[GameID "138754"]

1. e4 e5 2. Bc4 Nf6 3. d3 Nc6 4. Nf3 Bc5 5. O-O Ng4 6. Ng5 h6 7. Nxf7 Qe7 8. Nxh8 Qf8 9. Qxg4 Qxh8 10. Qg6+ Kf8
11. Qf7#
1-0

[Event "The Bobby Fischer Memorial KO Tournament"]
[Site "SchemingMind.com"]
[Date "2008.01.25"]
[Round "-"]
[White "GrischukFan"]
[Black "Zonk"]
[Result "1-0"]
[WhiteCountry "GER"]
[BlackCountry "GER"]
[WhiteElo "2339"]
[WhiteRD "87"]
[BlackElo "1533"]
[BlackRD "121"]
[GameID "138755"]

1. e4 d6 2. d4 Nf6 3. Nc3 g6 4. f4 Bg7 5. Nf3 O-O 6. Bd3 Na6 7. O-O c5 8. d5 Rb8 9. Qe2 Nb4 10. Bc4 e6
11. a3 exd5 12. axb4 dxc4 13. bxc5 dxc5 14. Rd1 Qe8 15. Rxa7 b5 16. e5 Nh5 17. Ne4 Qc6 18. Rd6 Qe8 19. Nxc5 f6 20. e6 f5
21. e7
1-0

[Event "The Bobby Fischer Memorial KO Tournament"]
[Site "SchemingMind.com"]
[Date "2008.01.29"]
[Round "-"]
[White "Netferatu"]
[Black "Mekk"]
[Result "1-0"]
[WhiteCountry "ARG"]
[BlackCountry "POL"]
[WhiteElo "2227"]
[WhiteRD "85"]
[BlackElo "1960"]
[BlackRD "72"]
[GameID "138869"]

1. e4 e6 2. d4 d5 3. e5 c5 4. c3 Nc6 5. Nf3 Bd7 6. Be2 Qb6 7. O-O f6 8. dxc5 Bxc5 9. b4 Be7 10. Bf4 fxe5
11. Nxe5 Nxe5 12. Bxe5 Nf6 13. a4 a5 14. bxa5 Rxa5 15. Nd2 Qa7 16. Bd4 Qa8 17. Bd3 O-O 18. Re1 Bxa4 19. Qb1 Bd7 20. Rxa5 Qxa5
21. Qxb7 Qd8 22. Nf3 Bd6 23. c4 Qc7 24. Qxc7 Bxc7 25. c5 Re8 26. g3 h6 27. c6 Bc8 28. Bg6 Rd8 29. Ra1 Ne4 30. Ra7 e5
31. Nxe5 Bxe5 32. Bxe5 Nf6 33. Ra8 Ne8 34. c7
1-0

[Event "The Bobby Fischer Memorial KO Tournament"]
[Site "SchemingMind.com"]
[Date "2008.01.29"]
[Round "-"]
[White "Fred Fanelli"]
[Black "Vempiria-Melissa-Axelsson"]
[Result "1-0"]
[WhiteCountry "USA"]
[BlackCountry "GBR"]
[WhiteElo "1658"]
[WhiteRD "64"]
[BlackElo "1384"]
[BlackRD "89"]
[GameID "138870"]

1. c4 f5 2. Nc3 Nf6 3. Nf3 Nc6 4. d4 e6 5. Bg5 Be7 6. e3 d5 7. Be2 b6 8. O-O Bb7 9. h3 h6 10. Bf4 Qd7
11. Ne5 Nxe5 12. Bxe5 O-O-O 13. a3 Rhg8 14. f4 Ne4 15. Nxe4 fxe4 16. cxd5 Qxd5 17. Rc1 Qd7 18. Qc2 Bd6 19. Rfd1 Bxe5 20. dxe5 Qf7
21. Bg4 Kb8 22. Rxd8+ Rxd8 23. Bxe6 Qxe6 24. Qxc7+ Ka8 25. Qxd8+ Bc8 26. Qxc8+ Qxc8 27. Rxc8+ Kb7 28. Rc3 h5 29. e6
1-0

[Event "The Bobby Fischer Memorial KO Tournament"]
[Site "SchemingMind.com"]
[Date "2008.01.25"]
[Round "-"]
[White "Caputo"]
[Black "Tahur"]
[Result "0-1"]
[WhiteCountry "USA"]
[BlackCountry "ARG"]
[WhiteElo "1769"]
[WhiteRD "95"]
[BlackElo "1979"]
[BlackRD "54"]
[GameID "138871"]

1. e4 c5 2. Nf3 Nc6 3. d4 cxd4 4. Nxd4 Nf6 5. Nc3 d6 6. Bb5 Bd7 7. Nxc6 bxc6 8. Bc4 Qb6 9. O-O e5 10. h3 Be7
11. b3 h6 12. Be3 Qb4 13. Bd2 Qc5 14. Be3 Qb4 15. Qd2 O-O 16. a3 Nxe4 17. Nxe4 Qxd2 18. Nxd2 d5 19. Be2 d4 20. Bxh6 gxh6
21. Bh5 Bf5 22. Ra2 Rab8 23. Re1 f6 24. Bg4 Bxg4 25. hxg4 Kf7 26. Ne4 Rh8 27. b4 h5 28. gxh5 Rxh5 29. g4 Rh3 30. Ng3 Rh4
31. f3 Rbh8 32. Nh5 c5 33. c3 dxc3 34. Kg2 Rg8 35. Rg1 Rxh5 36. Kf2 Rh2+ 37. Rg2 Rxg2+ 38. Kxg2 cxb4 39. axb4 Rc8 40. Rc2 Bxb4
41. Kf2 Rd8 42. Ke3 Rd2 43. Rxd2 cxd2 44. Ke2 a5
0-1

[Event "The Bobby Fischer Memorial KO Tournament"]
[Site "SchemingMind.com"]
[Date "2008.01.29"]
[Round "-"]
[White "Mekk"]
[Black "Netferatu"]
[Result "0-1"]
[WhiteCountry "POL"]
[BlackCountry "ARG"]
[WhiteElo "1939"]
[WhiteRD "73"]
[BlackElo "2234"]
[BlackRD "89"]
[GameID "138877"]

1. e4 c5 2. Nf3 Nc6 3. d4 cxd4 4. Nxd4 Nf6 5. Nc3 d6 6. Be3 e6 7. f3 Be7 8. Qd2 O-O 9. O-O-O a6 10. g4 Nxd4
11. Bxd4 b5 12. g5 Nd7 13. h4 b4 14. Ne2 Qa5 15. Kb1 Bb7 16. Nc1 Rfc8 17. g6 hxg6 18. h5 gxh5 19. Nb3 Qc7 20. Rxh5 e5
21. Qh2 Qxc2+ 22. Qxc2 Rxc2 23. Kxc2 Rc8+ 24. Bc3 Nf6 25. Rh2 bxc3 26. bxc3 g5 27. Na5 Ba8 28. Bxa6 Rc7 29. Be2 d5 30. Nb3 dxe4
31. fxe4 Nxe4 32. Rh3 f5 33. Rg1 Ra7 34. Bc4+ Kg7 35. Nd2 g4 36. Re3 Nxd2 37. Kxd2 Bg5 38. Bb3 Rd7+ 39. Ke2 Bxe3 40. Kxe3 f4+
41. Ke2 Bf3+ 42. Kf2 Rd2+ 43. Ke1 Re2+ 44. Kf1 g3
0-1

[Event "The Bobby Fischer Memorial KO Tournament"]
[Site "SchemingMind.com"]
[Date "2008.01.29"]
[Round "-"]
[White "Vempiria-Melissa-Axelsson"]
[Black "Fred Fanelli"]
[Result "0-1"]
[WhiteCountry "GBR"]
[BlackCountry "USA"]
[WhiteElo "1384"]
[WhiteRD "89"]
[BlackElo "1658"]
[BlackRD "64"]
[GameID "138878"]

1. d4 d5 2. Nc3 e6 3. a3 c5 4. e4 cxd4 5. Qxd4 Nc6 6. Qa4 Bd7 7. exd5 Ne5 8. Qe4 Ng6 9. Nf3 Nf6 10. Qe3 Be7
11. Bc4 Qc8 12. Ba2 O-O 13. h3 Bc5 14. Qe2 Re8 15. O-O exd5 16. Qd3 Bf5 17. Qd1 Be6 18. Bf4 Nxf4 19. Nb5 a6 20. Nbd4 Nxh3+
21. gxh3 Bxd4 22. Nxd4 Bxh3 23. Re1 Rxe1+ 24. Qxe1 Qg4+
0-1

[Event "The Bobby Fischer Memorial KO Tournament"]
[Site "SchemingMind.com"]
[Date "2008.01.25"]
[Round "-"]
[White "Tahur"]
[Black "Caputo"]
[Result "1-0"]
[WhiteCountry "ARG"]
[BlackCountry "USA"]
[WhiteElo "1979"]
[WhiteRD "54"]
[BlackElo "1769"]
[BlackRD "95"]
[GameID "138879"]

1. e4 e5 2. Nf3 Nc6 3. Bb5 a6 4. Ba4 b5 5. Bb3 Nf6 6. a4 bxa4 7. Bxa4 Bd6 8. d3 O-O 9. c3 Bb7 10. Nbd2 Ne7
11. Nc4 Nc8 12. Nfxe5 Bxe5 13. Nxe5 d5 14. Nc6 Qd6 15. Na5 Ra7 16. Nxb7 Rxb7 17. Qe2 Nd7 18. Bxd7 Qxd7 19. Rxa6 dxe4 20. dxe4 Rb6
21. O-O Rxa6 22. Qxa6 Nb6 23. Be3 Ra8 24. Qb7 Qc8 25. Qc6 Nd7 26. Rd1 Ra6 27. Qb5 Rd6 28. Rxd6 cxd6 29. f3 Qe8 30. b4 Qe6
31. Bf4 f5 32. Qxf5 Qe7 33. Qd5+ Qf7 34. Qxd6 Nf8 35. Be3 Qa2 36. Qd5+
1-0

[Event "The Bobby Fischer Memorial KO Tournament"]
[Site "SchemingMind.com"]
[Date "2008.02.05"]
[Round "-"]
[White "JasonY1982"]
[Black "SLAINTIE MHATH"]
[Result "1-0"]
[WhiteCountry "USA"]
[BlackCountry "POL"]
[WhiteElo "1936"]
[WhiteRD "60"]
[BlackElo "1653"]
[BlackRD "49"]
[GameID "140564"]

1. e4 c6 2. d4 d5 3. e5 e6 4. f4 Qb6 5. Nf3 Be7 6. Bd3 c5 7. c3 cxd4 8. cxd4 Nc6 9. Bc2 Bb4+ 10. Nc3 Qa5
11. Bd2 Nge7 12. a3 Bxc3 13. Bxc3 Qb6 14. O-O Bd7 15. Kh1 f6 16. Qd2 O-O 17. Qf2 fxe5 18. fxe5 h6 19. Qd2 Rf7 20. Qd3 g5
21. h3 Rc8 22. Nh2 Nxe5 23. dxe5 Bb5 24. Qd1 Bxf1 25. Nxf1 d4 26. Bxd4 Rxf1+ 27. Qxf1 Qxd4 28. Bb3 Qb6 29. Qf3 Rf8 30. Qd3 Rf2
31. Qc4 Rf5 32. Qxe6+ Qxe6 33. Bxe6+ Kg7 34. Bxf5 Nxf5 35. Rc1 Kf7 36. Rc7+ Ke6 37. Rxb7 Kxe5 38. Rxa7 Nd6 39. Ra6 Kd5 40. Rxd6+ Kxd6
41. b4 Kc6 42. Kg1 Kb5 43. Kf2
1-0

[Event "The Bobby Fischer Memorial KO Tournament"]
[Site "SchemingMind.com"]
[Date "2008.02.05"]
[Round "-"]
[White "SLAINTIE MHATH"]
[Black "JasonY1982"]
[Result "0-1"]
[WhiteCountry "POL"]
[BlackCountry "USA"]
[WhiteElo "1653"]
[WhiteRD "49"]
[BlackElo "1936"]
[BlackRD "60"]
[GameID "140574"]

1. Nf3 Nf6 2. b3 g6 3. c4 Bg7 4. Bb2 O-O 5. g3 c6 6. Bh3 d6 7. Bxc8 Qxc8 8. O-O e5 9. d3 Nh5 10. e3 f5
11. Kh1 Na6 12. a3 Nc7 13. Nbd2 Ne6 14. Rg1 Nf6 15. Qf1 h6 16. a4 Rf7 17. h3 g5 18. Bc3 g4 19. Nh4 gxh3 20. Nxf5 Ng4
21. Nxd6 Nxf2+ 22. Qxf2 Rxf2 23. Nxc8 Rxc8 24. Ne4 Rf3 25. Rge1 Rd8 26. Rad1 Ng5 27. Kh2 Nxe4 28. dxe4 Rxd1 29. Rxd1 Rxe3 30. Rd8+ Kf7
31. Rd7+ Kg6 32. Bd2 Rxb3 33. Kxh3 Bf6 34. Kg2 Bg5 35. Rd6+ Kh5 36. Be1 Re3 37. Kh3 Rxe4 38. Re6 Rxc4 39. a5 Re4 40. Bc3 Be3
41. Bxe5 Bd4 42. g4+ Kg5 43. Bf6+ Kf4 44. Rxe4+ Kxe4 45. Bxd4 Kxd4 46. Kh4 Ke4 47. Kh5 Kf4 48. Kxh6 Kxg4 49. Kg6 c5
0-1

[Event "The Bobby Fischer Memorial KO Tournament"]
[Site "SchemingMind.com"]
[Date "2008.03.22"]
[Round "-"]
[White "Aumonde"]
[Black "Orange Lion"]
[Result "1/2-1/2"]
[WhiteCountry "USA"]
[BlackCountry "NED"]
[WhiteElo "2213"]
[WhiteRD "71"]
[BlackElo "2255"]
[BlackRD "83"]
[GameID "146332"]

1. d4 Nf6 2. c4 e6 3. Nc3 Bb4 4. e3 O-O 5. Nf3 c5 6. Bd3 d5 7. cxd5 exd5 8. dxc5 Bg4 9. O-O Nc6 10. Na4 Qe7
11. Bd2 Bxf3 12. gxf3 Bxd2 13. Qxd2 Rad8 14. Bb5 Ne5 15. Qe2 a6 16. f4 axb5 17. fxe5 Qxe5 18. Nc3 b4 19. Nb5 d4 20. Rad1 Qg5+
21. Kh1 Qd5+ 22. f3 d3 23. Qd2 b6 24. Qxb4 bxc5 25. Qc3 Ne4 26. Qe1 c4 27. Nd4 Ng5 28. b3 Ne6 29. Nxe6 fxe6 30. bxc4 Qxc4
31. Qd2 e5 32. Rc1 Qd5 33. e4 Qd7 34. Kg2 Rf6 35. Rc5 Rg6+ 36. Kh1 Qh3 37. Rf2 Rf6 38. Qd1 Rb6 39. Rc1 Qh6 40. Qd2 Qd6
41. a4 Rb7 42. a5 h6 43. Rff1 Ra7=
1/2-1/2